000 00524cam a2200193ua 4500
041 _aeng
_h
082 _a300.1
_bBRO/EX
100 _aBrown, Steven R .
245 _aExperimental design /
_cSteven R Brown.
_hTextual Documents
260 _aNew Delhi :
_bSage Publications ,
_c1990.
300 _a86 ; .
440 0 _aQualitative applications,
_v
_x;
490 0 _aQualitative applications,
_v
_x;
500 _a**Reference
504 _a
700 1 _aMelamed, Lawrence E .
942 _cBK
999 _c10490
_d10490